WOW! Window on the world : teacher's book 2 /

Na minha lista:
Detalhes bibliográficos
Autor principal: Nolasco, Rob.
Formato: Livro
Idioma:English
Publicado em: Oxford : Oxford University Press, 1990.
Assuntos:
Tags: Adicionar Tag
Sem tags, seja o primeiro a adicionar uma tag!
Thư viện lưu trữ: Mạng thư viện Đại học Đà Nẵng
LEADER 01105nam a2200325 a 4500
001 000042106
003 9072
005 20201030100637.0
008 171030s1990
020 |a 0194324583 
040 |a lnn  |c lnn  |d lnn 
041 0 |a eng 
082 1 4 |a 428.24  |b NO-R 
100 1 |a Nolasco, Rob. 
245 0 0 |a WOW! Window on the world :  |b teacher's book 2 /  |c Rob Nolasco. 
260 |a Oxford :  |b Oxford University Press,  |c 1990. 
300 |a 163 p. :  |b ill. (some col.) ;  |c 27.5cm. 
630 0 4 |a English language. 
630 0 4 |a Foreign speakers. 
650 0 4 |a English language  |x Study and teaching  |x Textbooks for foreign speakers. 
OWN |a LNN 
902 |a TKA 
AVA |a UDN50  |b LNN  |c English  |d 428.24 NO-R  |e available  |t Error 5001 Not defined in file expand_doc_bib_avail.  |f 1  |g 0  |h N  |i 0  |j AN  |k 1 
999 |a From the UDN01 
AVA |a UDN50  |b LNN  |c English  |d 428.24 NO-R  |e available  |t Error 5001 Not defined in file expand_doc_bib_avail.  |f 1  |g 0  |h N  |i 0  |j AN  |k 1 
TYP |a Monograph 
TYP |a Printed language 
980 |a Mạng thư viện Đại học Đà Nẵng